Statistics for SAT Words HARD Click Quiz - I #5

Click here to take the quiz!

General Stats

  • This quiz has been taken 71 times
  • The average score is 12 of 15

Answer Stats

HintAnswer% Correct
Magical spell or charm; ritualistic recitation of a songIncantation
96%
Person who blindly adheres to a theory or belief systemIdeologue
90%
Force or energy that causes motion or changeImpetus
88%
Woman whom someone lovesInamorata
88%
Exemption from punishment or harmImpunity
87%
Unable to be erased or removed; permanentIndelible
87%
Distinctive or peculiar habit, behaviour, or mannerismIdiosyncrasy
85%
Public shame or disgraceIgnominy
83%
Confine or imprison; or, entomb within a wallImmure
83%
Unable to be touched; intangibleImpalpable
83%
Relating to or indicating a constant pressureIsobaric
83%
Relating to or affected by jaundiceIcteric
69%
Insulting, scurrilous language; vituperationInvective
67%
Characterized by a series of miseries or disastersIliadic
56%
Reliant on context to convey purposed meaningIndexical
56%

Score Distribution

Percentile by Number Answered

Percent of People with Each Score

Your Score History

You have not taken this quiz